Двухжидкостная электромагнитная гидродинамика: монография

Bibliografiske detaljer
Hovedforfatter: Гавриков М. Б. Михаил Борисович
Institution som forfatter: Российская академия наук (РАН) Институт прикладной математики им. М. В. Келдыша (ИПМ)
Summary:В монографии впервые в мировой литературе систематически изложена теория электромагнитной гидродинамики (ЭМГД) и ее приложения к расчету ряда установок и анализу природных явлений. Электромагнитная гидродинамика является теоретической основой исследования двухжидкостных эффектов в ионизованном газе, образующем квазинейтральную плазму. В отличие от известных магнитогидродинамических (МГД) моделей (классическая и холловская МГД, двухтемпературная и несжимаемая МГД, гибридная МГД и пр.), электромагнитная гидродинамика в полном объеме в гидродинамическом приближении учитывает электронионную структуру плазмы, в том числе инерцию электронов и ионов и их взаимодействие. ЭМГД включает в себя в качестве предельного случая магнитогидродинамическое описание плазмы и приводит к существенному уточнению известных результатов МГД-теории. В то же время ЭМГД-теория позволяет получить принципиально недостижимые в МГД результаты и вводит в научную практику новые уравнения и постановки задач, представляющие значительный интерес для математики и механики сплошных сред. Читателю предлагается работоспособная теоретическая конструкция значительно более высокого уровня сложности, чем традиционная МГД, позволяющая исследовать тонкие эффекты динамики ионизованного газа и открывающая широкое поле деятельности для исследователей. В рамках ЭМГД-теории в монографии рассмотрены как традиционные разделы плазмодинамики — акустика однородной плазмы, течения в плоских каналах и круглой трубе, возбуждение плазмы токами, ускорение плазмы в каналах, нелинейные бегущие волны, так и более сложные вопросы — расчет равновесных конфигураций плазмы в магнитных ловушках, нелинейное поглощение альфвеновских волн диссипативной плазмой, разрывные и автомодельные решения ЭМГД-уравнений.
Sprog:russisk
Udgivet: Москва, Красанд, 2018
Fag:
Format: MixedMaterials Bog
KOHA link:https://koha.lib.tpu.ru/cgi-bin/koha/opac-detail.pl?biblionumber=342699

MARC

LEADER 00000nam0a2200000 4500
001 342699
005 20231102005459.0
010 |a 9785396008861 
035 |a (RuTPU)RU\TPU\book\371878 
090 |a 342699 
100 |a 20190321d2018 k y0rusy50 ca 
101 0 |a rus 
102 |a RU 
105 |a a z 001zy 
200 1 |a Двухжидкостная электромагнитная гидродинамика  |e монография  |f М. Б. Гавриков  |g Российская академия наук (РАН), Институт прикладной математики им. М. В. Келдыша (ИПМ) 
210 |a Москва  |c Красанд  |d 2018 
215 |a 583 с.  |c ил. 
320 |a Библиогр.: с. 572-581 
320 |a Предм. указ.: с. 582-583 
330 |a В монографии впервые в мировой литературе систематически изложена теория электромагнитной гидродинамики (ЭМГД) и ее приложения к расчету ряда установок и анализу природных явлений. Электромагнитная гидродинамика является теоретической основой исследования двухжидкостных эффектов в ионизованном газе, образующем квазинейтральную плазму. В отличие от известных магнитогидродинамических (МГД) моделей (классическая и холловская МГД, двухтемпературная и несжимаемая МГД, гибридная МГД и пр.), электромагнитная гидродинамика в полном объеме в гидродинамическом приближении учитывает электронионную структуру плазмы, в том числе инерцию электронов и ионов и их взаимодействие. ЭМГД включает в себя в качестве предельного случая магнитогидродинамическое описание плазмы и приводит к существенному уточнению известных результатов МГД-теории. В то же время ЭМГД-теория позволяет получить принципиально недостижимые в МГД результаты и вводит в научную практику новые уравнения и постановки задач, представляющие значительный интерес для математики и механики сплошных сред. Читателю предлагается работоспособная теоретическая конструкция значительно более высокого уровня сложности, чем традиционная МГД, позволяющая исследовать тонкие эффекты динамики ионизованного газа и открывающая широкое поле деятельности для исследователей. В рамках ЭМГД-теории в монографии рассмотрены как традиционные разделы плазмодинамики — акустика однородной плазмы, течения в плоских каналах и круглой трубе, возбуждение плазмы токами, ускорение плазмы в каналах, нелинейные бегущие волны, так и более сложные вопросы — расчет равновесных конфигураций плазмы в магнитных ловушках, нелинейное поглощение альфвеновских волн диссипативной плазмой, разрывные и автомодельные решения ЭМГД-уравнений. 
606 1 |a Магнитная гидродинамика  |2 stltpush  |3 (RuTPU)RU\TPU\subj\69442  |9 84293 
610 1 |a физика 
610 1 |a электромагнитная гидродинамика 
610 1 |a электродинамика Максвелла 
610 1 |a плазма 
610 1 |a плазмодинамика 
610 1 |a термодинамика 
610 1 |a акустика 
610 1 |a колебания 
610 1 |a бегущие волны 
610 1 |a течения 
610 1 |a двухжидкостная магнитная гидродинамика 
610 1 |a МГД-процессы 
610 1 |a МГД-течения 
610 1 |a монографии 
675 |a 537.84  |v 4 
700 1 |a Гавриков  |b М. Б.  |g Михаил Борисович 
712 0 2 |a Российская академия наук (РАН)  |b Институт прикладной математики им. М. В. Келдыша (ИПМ)  |c (Москва)  |2 stltpush  |3 (RuTPU)RU\TPU\col\2923 
801 1 |a RU  |b 63413507  |c 20190321 
801 2 |a RU  |b 63413507  |c 20190415  |g RCR 
942 |c BK